Charlie and the great glass elevator (Record no. 263536)
[ view plain ]
| 000 -LEADER | |
|---|---|
| fixed length control field | 00231nam a22000977a 4500 |
| 020 ## - INTERNATIONAL STANDARD BOOK NUMBER | |
| ISBN | 0375815252 |
| 100 ## - MAIN ENTRY--AUTHOR NAME | |
| Personal name | Roald Dahl |
| 245 ## - TITLE STATEMENT | |
| Title | Charlie and the great glass elevator |
| 260 ## - PUBLICATION, DISTRIBUTION, ETC. (IMPRINT) | |
| Place of publication | New York |
| Name of publisher | Random House |
| Year of publication | 1972 |
| 942 ## - ADDED ENTRY ELEMENTS (KOHA) | |
| Koha item type | Long Loan Books |
| Withdrawn status | Lost status | Collection code | Home library | Current library | Shelving location | Date acquired | Accession Number | Koha item type |
|---|---|---|---|---|---|---|---|---|
| Fiction | Rongo University Library | Rongo University Library | Children's Area | 24/04/2024 | CL2021690 | Long Loan Books |
